Normal view
MARC view
- Escuelas de arte
Entry Materia
001 - NÚMERO DE CONTROL DEL REGISTRO
- campo de control: 19374
003 - IDENTIFICADOR DE NUMERO DE CONTROL
- campo de control: DLC
005 - FECHA Y HORA DE LA ÚLTIMA TRANSACCIÓN
- campo de control: 20240827122502.0
008 - DATOS DE LONGITUD FIJA
- campo de control de longitud fija: 240827n||azannaabn n ana |d
010 ## - NÚMERO DE CONTROL DE LA BIBLIOTECA DEL CONGRESO (LC)
- LC control number: sh 85008081
035 ## - NÚMERO DE CONTROL DEL SISTEMA
- Número de control del sistema: UPN10000019383
035 ## - NÚMERO DE CONTROL DEL SISTEMA
- Número de control del sistema: (DLC)sh 85008081
035 ## - NÚMERO DE CONTROL DEL SISTEMA
- Número de control del sistema: (DLC)7766
040 ## - FUENTE DE LA CATALOGACIÓN
- Lengua de catalogación: spa
- Agencia de transcripción: DLC
- Centro catalogador de origen: DLC
- Agencia de modificación: DLC
- Agencia de modificación: MX-MxUPN
150 ## - ENCABEZAMIENTO - TEMÁTICO
- Término de materia o nombre geográfico como elemento inicial: Escuelas de arte
670 ## - FUENTE EN LA QUE SE LOCALIZARON DATOS
- Cita de la fuente: Autoridades LC, 27 agosto 2024 :
- Información localizada: (Art schools)
- Identificador Uniforme del Recurso: https://lccn.loc.gov/sh85008081
902 ## - CATALOGADOR
- Catalogador: MMA/030697
- Catalogador: MaríaRobles/270824
